000 00605nam a2200241 a 4500
001 nice12345678
003 IN_TiNIC
005 20260116011427.0
008 050524s1902 laha grp 000 0 urd
020 _a
_c100
082 0 0 _a239
_bMEN
100 _aMenro, James
245 _aKin Manon Men Qur`an Masihi Kutub Muqaddas Ka Mohafiz Hai.
260 _aLahore
_bPunjab Religious Booksociety
_c1902
300 _a40p
500 _aincludes index and biblioraphy
505 2 _aArchives
650 _aApologetics
700 1 _aMenro, James
902 _bSRS
942 _cBK
999 _c1437
_d1437